[Event "Moscow RGGU-ch 10th"]
[Site "Moscow"]
[Date "2021.03.20"]
[Round "1"]
[White "Bondarev, Sergey1111"]
[Black "Morgaylenko, Savva"]
[Result "1/2-1/2"]
[WhiteElo "2005"]
[BlackElo "1808"]
[PlyCount "54"]
[EventDate "2021.03.20"]
[EventType "swiss"]
[EventRounds "7"]
[EventCountry "RUS"]
[SourceTitle "EXT 2022"]
[Source "ChessBase"]
[SourceDate "2021.10.06"]
[SourceVersion "1"]
[SourceVersionDate "2021.10.06"]
[SourceQuality "1"]

1. d4 f5 2. e3 Nf6 3. Bd3 g6 4. f4 Bg7 5. Nf3 0-0 6. 0-0 b6 7. Nbd2 Bb7 8. c3 e6 9. Qc2 d5 10. Ne5 c5 11. b3 Nbd7 12. Ndf3 Ne4 13. Ba3 Re8 14. Rac1 Rc8 15. Qe2 Nxe5 16. Nxe5 Bxe5 17. fxe5 Rf8 18. Bxe4 fxe4 19. Qg4 Qe7 20. Rxf8+ Rxf8 21. Rf1 Rxf1+ 22. Kxf1 Qf7+ 23. Qf4 Qxf4+ 24. exf4 cxd4 25. cxd4 Ba6+ 26. Kf2 Bd3 27. Bd6 h6 1/2-1/2